| 000 | 00364nam a22001337a 4500 | ||
|---|---|---|---|
| 003 | NUST | ||
| 005 | 20250114131357.0 | ||
| 082 | _a297.01,BAS | ||
| 245 |
_aKhatam Quran Taraweeh (ختمِ قرآن تراویح) / _cHakeem Syed Abdul Basit |
||
| 260 |
_aGalin Publication _bKarachi |
||
| 300 | _a159 p | ||
| 650 |
_aKhatam Quran Taraweeh _9127567 |
||
| 942 |
_2ddc _cBK |
||
| 999 |
_c612652 _d612652 |
||